| 000 | 00666nam a2200229Ia 4500 | ||
|---|---|---|---|
| 005 | 20260429112014.0 | ||
| 008 | 260429s9999||||xx |||||||||||||| ||und|| | ||
| 020 | _a9781032182025 | ||
| 041 | _aEnglish | ||
| 082 |
_a333.79 _bBHU |
||
| 100 | _aBhukta, Anindya | ||
| 245 | 0 |
_aEconomics of the energy crisis : _benvironment, policy and security in the Indian subcontinent / _cAnindya Bhukta |
|
| 250 | _a1st ed. | ||
| 260 |
_aNew Delhi : _bRoutledge, _c2026. |
||
| 300 | _axvi, 248 p.; hb | ||
| 650 | _a Environment | ||
| 650 | _a Indian subcontinent | ||
| 650 | _a Public policy | ||
| 650 | _aEnergy economics | ||
| 700 | _a Hazra, Somnath | ||
| 942 | _cTB | ||
| 999 |
_c51846 _d51846 |
||